000 00873nas a2200277 4500
001 BR2011008319
003 BR-BrBNA
005 20231205115907.0
007 ta
008 230509b bl.|||p| |||| 00| 00por d
040 _aBR-BrBNA
_bpor
_cBiblioteca Nacional de Agricultura
041 _a(Pt)
072 _aL74
100 1 _aMoraes, D. de
100 1 _aHaddad, C.C.T.
245 1 _aSíndrome wei em pequenos animais
246 1 _aWei syndrome in small animals
650 _aANIMAL DOMÉSTICO
650 _aSÍNDROME
650 _aDISTÚRBIO ANIMAL
650 _aPARALISIA
650 _aFITOTERAPIA
773 0 _tMEDVEP. Revista Científica de Medicina Veterinária. Pequenos Animais e Animais de Estimação (Brazil)
_xISSN 1678-1430
_g(Apr-Jun 2009), v. 7(21) p. 215-258
_wBR2011008319
909 _a202311
_bLúcia
_c55
_dLúcia Elande
942 _2AGRIS
_n0
_cANA
999 _c216191
_d216191